Catálogo público

Compendium of flowering potted plant diseases / (Record no. 200877)

MARC details
000 -CABECERA
campo de control de longitud fija 01017nam a2200325Ia 4500
001 - NÚMERO DE CONTROL
campo de control Para_2294
003 - IDENTIFICADOR DEL NÚMERO DE CONTROL
campo de control CHAP
008 - DATOS DE LONGITUD FIJA--INFORMACIÓN GENERAL
campo de control de longitud fija 220125s1995 xx 000 0 und d
010 ## - NÚMERO DE CONTROL DE LA BIBLIOTECA DEL CONGRESO
Número de control de LC 200877
040 ## - FUENTE DE LA CATALOGACIÓN
Centro/agencia transcriptor CHAP
082 ## - NÚMERO DE LA CLASIFICACIÓN DECIMAL DEWEY
Número de clasificación PA 635.986 D3
100 ## - ENTRADA PRINCIPAL--NOMBRE DE PERSONA
Nombre de persona Daughtrey, Margery L., ed.
9 (RLIN) 165728
245 ## - MENCIÓN DE TÍTULO
Título Compendium of flowering potted plant diseases /
Mención de responsabilidad, etc. ed. by Margery L. Daughtrey, Robert L. Wick and Joseph L. Peterson
260 ## - PUBLICACIÓN, DISTRIBUCIÓN, ETC.
Lugar de publicación, distribución, etc. St. Paul Minn. :
Nombre del editor, distribuidor, etc. American Phytopathological Society
300 ## - DESCRIPCIÓN FÍSICA
Extensión 90 p.
650 ## - PUNTO DE ACCESO ADICIONAL DE MATERIA--TÉRMINO DE MATERIA
Término de materia o nombre geográfico como elemento de entrada Flores
Subdivisión general enfermedades
9 (RLIN) 41375
650 ## - PUNTO DE ACCESO ADICIONAL DE MATERIA--TÉRMINO DE MATERIA
Término de materia o nombre geográfico como elemento de entrada Macetas
9 (RLIN) 69376
650 ## - PUNTO DE ACCESO ADICIONAL DE MATERIA--TÉRMINO DE MATERIA
Término de materia o nombre geográfico como elemento de entrada Propagación de plantas
9 (RLIN) 92417
650 ## - PUNTO DE ACCESO ADICIONAL DE MATERIA--TÉRMINO DE MATERIA
Término de materia o nombre geográfico como elemento de entrada Siembra en maceta
9 (RLIN) 105841
700 ## - PUNTO DE ACCESO ADICIONAL--NOMBRE DE PERSONA
Nombre de persona Peterson, Joseph L.
9 (RLIN) 87622
700 ## - PUNTO DE ACCESO ADICIONAL--NOMBRE DE PERSONA
Nombre de persona Wick, Robert L.
9 (RLIN) 121812
710 ## - PUNTO DE ACCESO ADICIONAL--NOMBRE DE ENTIDAD CORPORATIVA
Nombre de entidad corporativa o nombre de jurisdicción como elemento de entrada American Phytopathological Society
9 (RLIN) 5265
901 ## - ELEMENTOS DE DATOS A LOCAL LDA (RLIN)
a PA 635.986 D3
902 ## - ELEMENTOS DE DATOS B LOCAL, LDB (RLIN)
a M
905 ## - ELEMENTOS DE DATOS E LOCAL, LDE (RLIN)
a 0000001995 a 0000000000 00
910 ## - DATOS DE OPCIÓN DEL USUARIO (OCLC)
Datos de opción del usuario 1995
942 ## - ELEMENTOS DE PUNTO DE ACCESO ADICIONAL (KOHA)
Tipo de ítem Koha Parasitologia_
942 ## - ELEMENTOS DE PUNTO DE ACCESO ADICIONAL (KOHA)
Tipo de ítem Koha Parasitologia_
-- 1
Holdings
Estado de retiro Estado de pérdida Fuente del sistema de clasificación o colocación Estado dañado Restricciones de uso No para préstamo Código de colección Localización permanente Ubicación/localización actual Fecha de adquisición Número de inventario Total de préstamos Signatura topográfica completa Código de barras Fecha visto por última vez Número de copia Precio válido a partir de Tipo de ítem Koha Nota pública
    Dewey Decimal Classification   Préstamo interno   General Parasitologia Agricola Parasitologia Agricola 27/10/2005 (PA_8003) (No. UACh 204620)   PA 635.986 D3 4102003816 25/01/2022 Ej.1 25/01/2022 Libro 3